00700 2200277 4500001002100000008004100021035002000062245005700082100002000139260003100159300002100190020002200211084001700233082000800250650002400258990001400282990001400296990001400310990001400324990001400338990001400352990001400366990001400380990001400394990001400408INLIS000000000000809 ind  a0010-0426000006 aMandiri Plus Fisika SMA/MA Kelas XIIcNi Ketut Lasmi aLasmi, Ni Ketut aJakarta :bErlangga,c2025 a247 hlm.c25 cm. a978-623-522-463-3 a530 LAS m-11 a530 aPendidikan - Fisika a000001473 a000001474 a000001475 a000001476 a000001477 a000001478 a000001479 a000001480 a000001481 a000001482